000 01339cam a22002294a 4500
005 20250605163944.0
008 250528s ||||||||||||||||||||||||d
035 _a15137
020 _a33360654
040 _aGR-AtMCL
_bgre
_dGR-AtMCL
_eAACR2
245 1 _aSmall Business Management / Third Edition
250 _a3rd
260 _c1993
300 _a424
520 _aA comprehensive guide to the management of small and medium sized enterprises (SMEs), from conception and efficient operations through to the management growth. Preface, Introduction, Setting Up, The Genesis of a Business, Business and the Law, Business Taxation, Business Basics, Marketing, Understanding Accounts, Contribution and Break-Even Analysis, Planning, The Business Plan, Financial Planning and Budgeting, Finance, Bank Finance, Financial and Other Services for SMEs, Risk Capital, Control, Accounting Systems, Costing Products, Using Budgets, Analyzing Accounts, The Management of Money, Inventory Management, Decision Making, Capital Investment Appraisal, The Growing Business, Managing Growth, The European Dimension, Relative Performance of SMEs, The Future for SMEs, Select Bibliography, Index.
700 1 _aBurns Paul
_9992
700 1 _aDewhurst Jim
_9993
700 1 _aMacmillan
_9736
942 _cBK
999 _c731
_d731